MARC details
| 000 -LEADER |
| fixed length control field |
02308nam a22003497a 4500 |
| 001 - CONTROL NUMBER |
| control field |
103167 |
| 003 - CONTROL NUMBER IDENTIFIER |
| control field |
KnowledgeUnlatched |
| 005 - DATE AND TIME OF LATEST TRANSACTION |
| control field |
20210303105020.0 |
| 006 - FIXED-LENGTH DATA ELEMENTS--ADDITIONAL MATERIAL CHARACTERISTICS |
| fixed length control field |
m o d |
| 007 - PHYSICAL DESCRIPTION FIXED FIELD--GENERAL INFORMATION |
| fixed length control field |
cr u|||||||||| |
| 008 - FIXED-LENGTH DATA ELEMENTS--GENERAL INFORMATION |
| fixed length control field |
210129p20102019xx o u00| u fre d |
| 037 ## - SOURCE OF ACQUISITION |
| Institution to which field applies |
BiblioBoard |
| 020 ## - INTERNATIONAL STANDARD BOOK NUMBER |
| International Standard Book Number |
9788490962459 |
| 029 1# - OTHER SYSTEM CONTROL NUMBER (OCLC) |
| OCLC library identifier |
https://library.biblioboard.com/ext/api/media/8dbd7aa4-55f8-482c-8eaa-52826d4580fb/assets/thumbnail.jpg |
| 040 ## - CATALOGING SOURCE |
| Original cataloging agency |
ScCtBLL |
| Transcribing agency |
ScCtBLL |
| 100 1# - MAIN ENTRY--PERSONAL NAME |
| Personal name |
Maudet, Jean-Baptiste |
| Relator term |
author. |
| 245 00 - TITLE STATEMENT |
| Title |
Terres de taureaux |
| Remainder of title |
Les jeux taurins de l'Europe à l'Amérique / |
| Statement of responsibility, etc. |
Jean-Baptiste Maudet. |
| 264 #1 - PRODUCTION, PUBLICATION, DISTRIBUTION, MANUFACTURE, AND COPYRIGHT NOTICE |
| Name of producer, publisher, distributor, manufacturer |
Casa de Velázquez, |
| 300 ## - PHYSICAL DESCRIPTION |
| Extent |
1 online resource (1 p.) |
| 506 0# - RESTRICTIONS ON ACCESS NOTE |
| Terms governing access |
Access copy available to the general public. |
| Standardized terminology for access restriction |
Unrestricted |
| Source of term |
star |
| 520 ## - SUMMARY, ETC. |
| Summary, etc. |
La corrida et le rodéo, les deux seuls affrontements homme-bovin mondialement connus, sont de lointains cousins dont les relations historiques et formelles interrogent les processus de transformation de la culture entre l'Europe et l'Amérique. Cette étude de géographie culturelle envisage toutes les pratiques tauromachiques, des courses de taureaux du sud-ouest européen à l'immense famille des rodéos nord et sud-américains. Les jeux, les fêtes et les spectacles sont analysés comme des marqueurs territoriaux et comme des moyens d'expression identitaire qui prennent forme et signification les uns par rapport aux autres. Il en résulte une mosaïque territoriale complexe où les relations homme-bovin véhiculent des sentiments d'appartenance dont les clivages et les solidarités s'expriment à l'échelle d'une aire culturelle transatlantique. |
| 588 0# - SOURCE OF DESCRIPTION NOTE |
| Source of description note |
Description based on print version record. |
| 590 ## - LOCAL NOTE (RLIN) |
| Local note |
OpenEdition Books Select 2018: HSS Backlist Books |
| 650 #7 - SUBJECT ADDED ENTRY--TOPICAL TERM |
| Topical term or geographic name entry element |
Social Science / Folklore & Mythology |
| Source of heading or term |
bisacsh |
| 650 #0 - SUBJECT ADDED ENTRY--TOPICAL TERM |
| Topical term or geographic name entry element |
Social sciences |
| 655 #0 - INDEX TERM--GENRE/FORM |
| Genre/form data or focus term |
Electronic books. |
| 758 ## - |
| -- |
Is found in: |
| -- |
Knowledge Unlatched |
| -- |
https://openresearchlibrary.org/module/2774bc74-146a-484f-a7ba-ab1d6a09bbfb |
| 856 40 - ELECTRONIC LOCATION AND ACCESS |
| Uniform Resource Identifier |
<a href="https://openresearchlibrary.org/content/8dbd7aa4-55f8-482c-8eaa-52826d4580fb">https://openresearchlibrary.org/content/8dbd7aa4-55f8-482c-8eaa-52826d4580fb</a> |
| Public note |
View this content on Open Research Library. |
| -- |
0 |